Statistics: methods and analyses / (Record no. 193521)
[ view plain ]
| 000 -LEADER | |
|---|---|
| fixed length control field | 01290 a2200217 4500 |
| 003 - CONTROL NUMBER IDENTIFIER | |
| control field | NUST |
| 005 - DATE AND TIME OF LATEST TRANSACTION | |
| control field | 20221123132803.0 |
| 010 ## - LIBRARY OF CONGRESS CONTROL NUMBER | |
| LC control number | 73013896 |
| 020 ## - INTERNATIONAL STANDARD BOOK NUMBER | |
| International Standard Book Number | 0070105251 |
| 040 ## - CATALOGING SOURCE | |
| Transcribing agency | Nust |
| 082 00 - DEWEY DECIMAL CLASSIFICATION NUMBER | |
| Classification number | 519.5,CHA |
| 100 1# - MAIN ENTRY--PERSONAL NAME | |
| Personal name | Chao, Lincoln L. |
| 9 (RLIN) | 103428 |
| 245 10 - TITLE STATEMENT | |
| Title | Statistics: methods and analyses / |
| Statement of responsibility, etc. | Lincoln L. Chao. |
| 250 ## - EDITION STATEMENT | |
| Edition statement | 2nd ed. |
| 260 ## - PUBLICATION, DISTRIBUTION, ETC. | |
| Place of publication, distribution, etc. | New York, |
| Name of publisher, distributor, etc. | McGraw-Hill |
| Date of publication, distribution, etc. | [1974] |
| 300 ## - PHYSICAL DESCRIPTION | |
| Extent | xii, 556 p.: |
| Other physical details | illus. |
| Dimensions | 24 cm. |
| 505 ## - FORMATTED CONTENTS NOTE | |
| Formatted contents note | Orientation (Page-1), Sets and Functions (Page-11), Counting Rules and Probabilities (Page-33), Probability Rules and Distributions (Page-51), Measuring of Central Tendency (Page-75), Measure of Dispersion (Page-104), Random Sampling and Sampling Distribution (Page-124), Discrete Probability Distributions (Page-147), The Normal Distribution (Page-173), Statistical Inference Estimation (Page-199), Statistical Inference Hypothesis Testing (Page-221), The Student’s Distribution (Page-254), The Chi-Square Distribution(Page-276), The F Distribution (Page-302), Simple Regression and Correlation (Page-331), Time Series Analysis (Page-362), Utilities and Bayesian Decision Theory (Page-405), Non parametric Methods (Page-436). |
| 650 #0 - SUBJECT ADDED ENTRY--TOPICAL TERM | |
| Topical term or geographic name entry element | Mathematical statistics. |
| 9 (RLIN) | 61 |
| 650 #0 - SUBJECT ADDED ENTRY--TOPICAL TERM | |
| Topical term or geographic name entry element | Statistics. |
| 9 (RLIN) | 69 |
| 942 ## - ADDED ENTRY ELEMENTS (KOHA) | |
| Source of classification or shelving scheme | |
| Koha item type | Book |
| Call number prefix | 519.5,CHA |
| Withdrawn status | Lost status | Source of classification or shelving scheme | Damaged status | Not for loan | Permanent Location | Current Location | Shelving location | Date acquired | Full call number | Barcode | Date last seen | Price effective from | Koha item type | Public note |
|---|---|---|---|---|---|---|---|---|---|---|---|---|---|---|
| Military College of Signals (MCS) | Military College of Signals (MCS) | General Stacks | 12/12/2016 | 519.5,CHA | MCS5170 | 12/08/2016 | 12/12/2016 | Book | Almirah No.14, Shelf No.5 | |||||
| Military College of Signals (MCS) | Military College of Signals (MCS) | General Stacks | 11/23/2022 | 519.5,CHA | MCS5178 | 11/23/2022 | 11/23/2022 | Book | Almirah No.77, Shelf No.1 |
